| 000 | 00447nam a2200097Ia 4500 | ||
|---|---|---|---|
| 008 | 180130s9999 xx 000 0 und d | ||
| 245 |
_cNijenhuis, Ellert R.S.; Sieff, Daniela F. _aThe selves behind the self: trauma and dissociation |
||
| 260 | _c2015 | ||
| 300 | _aBook title: Understanding and healing emotional trauma : conversations with pioneering clinicians and researchers--Acession number C20254; pages 91-110 | ||
| 650 | _aPSYCHOLOGICAL STRESS | ||
| 999 |
_c354071 _d354071 |
||